Government size and economic growth in Turkey: a threshold regression analysis

Skúmanie vzťahu medzi veľkosťou vlády a hospodárskym rastom pomocou modelu prahovej regresie a štvrťročných údajov za obdobie 1998 - 2015 v rámci Turecka. Zistenia jasne naznačujú, že v prípade Turecka existuje nelineárny vzťah a potvrdzujú platnosť Armeyho krivky.

Enregistré dans:
Détails bibliographiques
Auteur principal: Varol Iyidogan, Pelin
Autres auteurs: Turan, Taner
Format: Chapitre de livre
Langue:anglais
Sujets:
Tags: Ajouter un tag
Pas de tags, Soyez le premier à ajouter un tag!

MARC

LEADER 00000naa a2200000 4500
001 0229751
005 20220805080023.3
041 0 |a eng 
044 |a CZ 
245 1 0 |a Government size and economic growth in Turkey: a threshold regression analysis  |c Pelin Varol Iyidogan, Taner Turan 
520 |a Skúmanie vzťahu medzi veľkosťou vlády a hospodárskym rastom pomocou modelu prahovej regresie a štvrťročných údajov za obdobie 1998 - 2015 v rámci Turecka. Zistenia jasne naznačujú, že v prípade Turecka existuje nelineárny vzťah a potvrdzujú platnosť Armeyho krivky. 
610 2 0 |a vláda 
610 2 0 |a rast hospodársky 
610 2 0 |a Turecko 
610 2 0 |a analýza regresná 
100 1 |a Varol Iyidogan, Pelin 
700 1 |a Turan, Taner